[Event "Challenge"]
[Site "http://www.queenalice.com/game.php?id=765541"]
[Date "2010.4.24"]
[Round "-"]
[White "Vanessahermosa"]
[Black "House_MD"]
[Result "0-1"]
[WhiteElo "1409"]
[BlackElo "1531"]

1. e4 e5 2. Bc4 Nf6 3. b3 d5 4. Bxd5 Nxd5 5. exd5 Qxd5 6. f3 Bc5 7. Nc3 Qd8 8.
Ne4 Bxg1 9. Rxg1 O-O 10. d3 Qd4 11. Be3 Qxe3+ 12. Kf1 Nc6 13. c3 Bf5 14. Qe2
Qxe2+ 15. Kxe2 Bxe4 16. dxe4 Rad8 17. g4 h6 18. a4 g6 19. Kf2 Rd2+ 20. Ke1 Rxh2
21. b4 Rd8 22. b5 Na5 23. Rd1 Rxd1+ 24. Kxd1 Nc4 25. Kc1 Rf2 26. Kb1 Rxf3 27.
Kc2 Ne3+ 28. Kb3 Rf4 29. Rh1 Kg7 30. g5 hxg5 31. c4 Rxe4 32. a5 Nxc4 33. Rc1
Nxa5+ 34. Kb2 c6 35. bxc6 Nxc6 36. Rc2 g4 37. Rd2 g3 38. Kc3 Rd4 39. Rd3 Rxd3+
40. Kxd3 g2 41. Ke4 g1=Q 42. Kd5 Qd4# 0-1

[Event "Challenge"]
[Site "http://www.queenalice.com/game.php?id=770934"]
[Date "2010.5.5"]
[Round "-"]
[White "Vanessahermosa"]
[Black "House_MD"]
[Result "0-1"]
[WhiteElo "1413"]
[BlackElo "1496"]

1. e4 e5 2. Bc4 Nf6 3. Nh3 d6 4. Ng5 d5 5. exd5 Nxd5 6. Nf3 Bg4 7. Bxd5 Qxd5 8.
d3 Bxf3 9. gxf3 Nc6 10. Nc3 Qd7 11. h3 O-O-O 12. Nb5 Kb8 13. Qd2 a6 14. Na3 Bxa3
15. bxa3 Nd4 16. Qb4 Nxc2+ 17. Kd1 Nxb4 18. axb4 Qxd3+ 19. Bd2 Qxd2# 0-1

[Event "Challenge"]
[Site "http://www.queenalice.com/game.php?id=782559"]
[Date "2010.5.29"]
[Round "-"]
[White "Vanessahermosa"]
[Black "House_MD"]
[Result "0-1"]
[WhiteElo "1377"]
[BlackElo "1614"]

1. e4 e5 2. Bc4 Nf6 3. Qf3 Be7 4. Qg3 O-O 5. d3 h6 6. Nf3 g5 7. Nxe5 d6 8. Nf3
Nh5 9. Nxg5 Nxg3 10. hxg3 Bxg5 11. Bxg5 Qxg5 12. Nc3 Be6 13. Bxe6 fxe6 14. Ne2
Nc6 15. Nf4 Rae8 16. Rh5 Qf6 17. Kd2 Qxb2 18. Rc1 Qf6 19. Rch1 Kh7 20. Rxh6+
Qxh6 21. Rxh6+ Kxh6 22. a4 e5 23. Nh3 Nd4 24. c3 Nb3+ 25. Kc2 Nc5 26. a5 b6 27.
a6 Nxa6 28. g4 Rh8 29. g5+ Kg6 30. c4 Rxh3 31. gxh3 Rf8 32. h4 Rxf2+ 33. Kc3 Rh2
34. d4 Rxh4 35. d5 Rxe4 36. Kd3 Re1 0-1

[Event "AUTO-INT-1721"]
[Site "http://www.queenalice.com/game.php?id=786415"]
[Date "2010.6.6"]
[Round "1"]
[White "PRINCIFOR"]
[Black "House_MD"]
[Result "1-0"]
[WhiteElo "1849"]
[BlackElo "1571"]

1. d4 Nf6 2. c4 d5 3. e3 e6 4. Nc3 Bb4 5. Nf3 Bxc3+ 6. bxc3 dxc4 7. Bxc4 O-O 8.
O-O Re8 9. Qc2 Nc6 10. Bd3 g6 11. e4 e5 12. d5 Ne7 13. Nxe5 Nexd5 14. Nf3 Nb6
15. Bg5 Nbd7 16. Rfe1 Re6 17. e5 Nxe5 18. Rxe5 Rxe5 19. Nxe5 Qd6 20. Re1 Nh5 21.
Bh6 Be6 22. Qe2 Qd5 23. Bc4 Qd6 24. Bxe6 Qxe6 25. Qd2 Re8 26. Nf3 Qc6 27. Rxe8+
Qxe8 28. Qd4 b6 29. g4 1-0

[Event "AUTO-INT-1721"]
[Site "http://www.queenalice.com/game.php?id=786416"]
[Date "2010.6.6"]
[Round "1"]
[White "House_MD"]
[Black "PRINCIFOR"]
[Result "0-1"]
[WhiteElo "1576"]
[BlackElo "1844"]

1. e4 d6 2. d4 g6 3. Nf3 Bg7 4. b3 Nd7 5. Bb2 c5 6. Be2 cxd4 7. Bxd4 e5 8. Bb2
Qc7 9. Nc3 Ngf6 10. Bb5 O-O 11. Bxd7 Bxd7 12. O-O a6 13. Rc1 b5 14. Nd5 Nxd5 15.
Qxd5 Bc6 16. Qd3 f5 17. Qe2 fxe4 18. Ng5 Qb7 19. Rcd1 Rf6 20. Nxe4 Bxe4 21. f3
Bf5 22. g4 Bd7 23. Ba3 Rd8 24. Bxd6 Qb6+ 25. Qf2 Qxf2+ 26. Rxf2 Bc6 27. Rd3
Rfxd6 28. Rxd6 Rxd6 29. c4 e4 30. Kf1 exf3 0-1

[Event "AUTO-INT-1721"]
[Site "http://www.queenalice.com/game.php?id=786427"]
[Date "2010.6.6"]
[Round "1"]
[White "pinnive"]
[Black "House_MD"]
[Result "1-0"]
[WhiteElo "1595"]
[BlackElo "1518"]

1. e4 e5 2. Nf3 Nc6 3. Bb5 Nf6 4. O-O d5 5. Nxe5 Bd7 6. Nxd7 Qxd7 7. exd5 Qxd5
8. Nc3 Qd6 9. Re1+ Be7 10. d3 O-O 11. Bg5 Rfe8 12. Bxf6 Qxf6 13. Nd5 Qd6 14.
Nxe7+ Rxe7 15. Qf3 Rxe1+ 16. Rxe1 Na5 17. Qh5 c6 18. Bc4 Nxc4 19. dxc4 g6 20.
Qh4 Qd2 21. Qe4 Kf8 22. Qe2 Qxe2 23. Rxe2 Rd8 24. f3 f5 25. Kf2 Kf7 26. Ke3 Re8+
27. Kd3 Rxe2 28. Kxe2 Ke6 29. Ke3 Ke5 30. f4+ Kd6 31. c3 Kc5 32. Kd3 b5 33. b4+
Kd6 34. cxb5 cxb5 35. Kd4 a6 36. h4 h6 37. g3 h5 38. a3 1-0

[Event "AUTO-INT-1721"]
[Site "http://www.queenalice.com/game.php?id=786428"]
[Date "2010.6.6"]
[Round "1"]
[White "House_MD"]
[Black "pinnive"]
[Result "0-1"]
[WhiteElo "1532"]
[BlackElo "1590"]

1. e4 e5 2. Nf3 Nc6 3. Bb5 a6 4. Bxc6 dxc6 5. O-O Bg4 6. Nc3 Bd6 7. h3 Bxf3 8.
Qxf3 Qf6 9. Qxf6 Nxf6 10. d3 O-O-O 11. Bg5 h6 12. Bxf6 gxf6 13. a3 Rdg8 14. g3
Bc5 15. b4 Bd4 16. Kg2 Bxc3 17. Rad1 f5 18. exf5 Rg5 19. g4 h5 20. f4 exf4 21.
Rxf4 hxg4 22. Rxg4 Rxf5 23. Rf1 Rxf1 24. Kxf1 Rxh3 25. Rf4 Rh2 26. Rxf7 Kb8 27.
Rf2 Rxf2+ 28. Kxf2 Ka7 29. Ke3 Kb6 30. d4 Kb5 31. Kd3 Bb2 32. c4+ Ka4 33. b5
axb5 34. cxb5 cxb5 35. d5 Bxa3 36. Kc3 Bd6 0-1

[Event "AUTO-INT-1721"]
[Site "http://www.queenalice.com/game.php?id=786433"]
[Date "2010.6.6"]
[Round "1"]
[White "julick"]
[Black "House_MD"]
[Result "1-0"]
[WhiteElo "1449"]
[BlackElo "1624"]

1. d4 d5 2. Nf3 Nc6 3. c3 Bg4 4. Nfd2 e5 5. h3 Bh5 6. Qb3 Rb8 7. Qa4 e4 8. b3
Nf6 9. e3 a6 10. Bxa6 Qd7 11. Bb5 Bd6 12. b4 O-O 13. g4 Bg6 14. Qb3 Qd8 15. g5
Nd7 16. h4 f6 17. Qxd5+ Kh8 18. Nxe4 Bxe4 19. Qxe4 fxg5 20. hxg5 h6 21. gxh6
gxh6 22. Rxh6+ 1-0

[Event "AUTO-INT-1721"]
[Site "http://www.queenalice.com/game.php?id=786434"]
[Date "2010.6.6"]
[Round "1"]
[White "House_MD"]
[Black "julick"]
[Result "0-1"]
[WhiteElo "1484"]
[BlackElo "1704"]

1. e4 e5 2. Nf3 d6 3. h3 g6 4. Nc3 Bg7 5. d3 Ne7 6. Be2 h6 7. O-O O-O 8. b3 c6
9. Bb2 b5 10. a4 b4 11. Na2 a5 12. c3 Na6 13. cxb4 axb4 14. Qd2 c5 15. Rac1 Nc6
16. Ne1 Be6 17. Bd1 Qf6 18. f4 Qd8 19. fxe5 dxe5 20. Nf3 Na5 21. Bxe5 f6 22. Bh2
Bxb3 23. d4 Bc4 24. Rf2 Re8 25. e5 fxe5 26. dxe5 Qxd2 27. Rxd2 Nb3 28. Bxb3 Bxb3
29. Rb1 Bxa4 30. Rd6 Bc2 31. Rc1 Bb3 32. Ra1 Nc7 33. Rd2 c4 34. Rb2 Ra3 35. Nd2
Bxa2 36. Raxa2 Rxa2 37. Rxa2 b3 38. Ra7 Nb5 39. Ra5 Bxe5 40. Bxe5 Rxe5 41. Nxc4
Rc5 42. Nb2 Rc1+ 43. Kf2 Rc2+ 44. Kf3 Nc3 45. Nd3 Rd2 46. Ke3 Rxd3+ 47. Kxd3 b2
48. Ra8+ Kf7 49. Ra7+ Kf6 50. Rb7 b1=Q+ 51. Rxb1 Nxb1 52. Ke4 Nd2+ 53. Kf4 g5+
54. Kg4 Kg6 55. h4 gxh4 56. Kxh4 h5 57. g4 Nf3+ 58. Kg3 Ng5 59. gxh5+ Kxh5 60.
Kf2 Ne4+ 61. Kf3 Ng5+ 0-1

[Event "AUTO-INT-1586"]
[Site "http://www.queenalice.com/game.php?id=791424"]
[Date "2010.6.17"]
[Round "2"]
[White "kiruba"]
[Black "House_MD"]
[Result "1-0"]
[WhiteElo "1683"]
[BlackElo "1601"]

1. e4 e5 2. Nf3 Nc6 3. Bb5 Nd4 4. Nxd4 exd4 5. O-O Nf6 6. c3 dxc3 7. bxc3 c6 8.
Ba4 b5 9. Bb3 Be7 10. Re1 O-O 11. d4 Bb7 12. Bg5 a5 13. Bxf6 Bxf6 14. e5 a4 15.
Bc2 Be7 16. Qd3 g6 17. Nd2 d6 18. exd6 Bxd6 19. Nf3 f5 20. Ne5 Bxe5 21. Rxe5 Qg5
22. Rae1 c5 23. f3 Bc6 24. Rxc5 Ra6 25. Ree5 Bxf3 26. Qxf3 Qc1+ 27. Kf2 Qxc2+
28. Qe2 Qxe2+ 29. Kxe2 Rff6 30. Rc7 Rad6 31. Re8+ Rf8 32. Rxf8+ Kxf8 33. Rxh7 g5
34. Rh5 g4 35. Rxf5+ Ke7 36. Rg5 Re6+ 37. Re5 1-0

[Event "AUTO-INT-1586"]
[Site "http://www.queenalice.com/game.php?id=791425"]
[Date "2010.6.17"]
[Round "2"]
[White "House_MD"]
[Black "kiruba"]
[Result "0-1"]
[WhiteElo "1588"]
[BlackElo "1696"]

1. e4 e5 2. Nf3 Nc6 3. Bb5 Nf6 4. Bxc6 bxc6 5. O-O d5 6. exd5 cxd5 7. Nxe5 Bd6
8. Re1 Bxe5 9. Rxe5+ Be6 10. Nc3 O-O 11. d4 Nd7 12. Re1 c5 13. dxc5 Nxc5 14. Be3
Qd6 15. Bxc5 Qxc5 16. a3 Rfe8 17. Qf3 Rab8 18. b4 Qc7 19. Nxd5 Bxd5 20. Rxe8+
Rxe8 21. Qxd5 h6 22. c4 Rd8 23. Qf3 Qxc4 24. h3 Qd3 25. Qxd3 Rxd3 26. Ra2 g5 27.
a4 Rd4 28. b5 f5 29. f3 f4 30. Kf2 Kg7 31. g4 fxg3+ 32. Kxg3 Rb4 33. Ra3 Kf6 34.
Ra2 Kf5 35. Ra1 h5 36. Kf2 g4 37. fxg4+ hxg4 38. hxg4+ Rxg4 0-1

[Event "AUTO-INT-1586"]
[Site "http://www.queenalice.com/game.php?id=791426"]
[Date "2010.6.17"]
[Round "2"]
[White "KAXY"]
[Black "House_MD"]
[Result "1-0"]
[WhiteElo "1625"]
[BlackElo "1557"]

1. d4 d5 2. e3 Nf6 3. Ne2 e6 4. Bd2 c5 5. dxc5 Bxc5 6. Ng3 O-O 7. b4 Be7 8. a4
Nc6 9. b5 Ne5 10. Be2 b6 11. f4 Ned7 12. Bc3 Bb7 13. Bxf6 Bxf6 14. c3 Rc8 15.
O-O Bxc3 16. Nxc3 Rxc3 17. f5 e5 18. Bh5 Nf6 19. Rf2 Rxe3 20. Rf3 Rxf3 21. gxf3
Nxh5 22. Nxh5 Qg5+ 23. Ng3 d4 24. Kf2 Qe3+ 25. Kg2 1-0

[Event "AUTO-INT-1586"]
[Site "http://www.queenalice.com/game.php?id=791427"]
[Date "2010.6.17"]
[Round "2"]
[White "House_MD"]
[Black "KAXY"]
[Result "0-1"]
[WhiteElo "1544"]
[BlackElo "1638"]

1. e4 e5 2. Nf3 d6 3. Bc4 Bg4 4. O-O Bxf3 5. Qxf3 Nf6 6. Nc3 Nbd7 7. Re1 Nb6 8.
Bb3 Be7 9. d3 h6 10. Be3 Nbd7 11. Nd5 Nxd5 12. Bxd5 Nf6 13. Bb3 O-O 14. d4 a5
15. Qg3 Nh5 16. Qh3 Nf4 17. Bxf4 exf4 18. Rad1 Bg5 19. g3 b5 20. gxf4 Bxf4 21.
c4 Qg5+ 22. Kh1 bxc4 23. Bxc4 Rab8 24. Rg1 Qf6 25. Rd3 Bg5 0-1

[Event "AUTO-BEG-349"]
[Site "http://www.queenalice.com/game.php?id=793884"]
[Date "2010.6.23"]
[Round "2"]
[White "faver_154"]
[Black "House_MD"]
[Result "1-0"]
[WhiteElo "1848"]
[BlackElo "1458"]

1. e4 e5 2. Nf3 Nc6 3. d4 exd4 4. Nxd4 Nxd4 5. Qxd4 Nf6 6. Be2 d6 7. O-O Be7 8.
Nc3 b6 9. Nd5 Nxd5 10. exd5 O-O 11. Bb5 Bb7 12. Re1 a6 13. Bc6 Bxc6 14. dxc6 Re8
15. Bd2 d5 16. Rad1 Bf6 17. Qb4 a5 18. Qb5 Qd6 19. a4 Re6 20. Rxe6 fxe6 21. c3
Re8 22. b4 axb4 23. cxb4 Rf8 24. Be1 Be5 25. g3 Rf6 26. a5 bxa5 27. bxa5 Qd8 28.
a6 Bd6 29. a7 Rf8 30. Rb1 Qa8 31. Qb7 1-0

[Event "AUTO-BEG-349"]
[Site "http://www.queenalice.com/game.php?id=793885"]
[Date "2010.6.23"]
[Round "2"]
[White "House_MD"]
[Black "faver_154"]
[Result "0-1"]
[WhiteElo "1454"]
[BlackElo "1890"]

1. e4 c5 2. d4 cxd4 3. Qxd4 Nc6 4. Qd1 Nf6 5. Nc3 e5 6. Bg5 h6 7. Bxf6 Qxf6 8.
Nf3 Bb4 9. Qd3 O-O 10. O-O-O Ne7 11. a3 Ba5 12. Nd5 Nxd5 13. Qxd5 Bc7 14. Bc4 d6
15. Rhf1 Be6 16. Qd3 Rad8 17. Bxe6 Qxe6 18. Qd5 Qc8 19. Rd3 b6 20. Rfd1 Bb8 21.
Rc3 Qa6 22. Ne1 Qe2 23. f3 Rc8 24. Rxc8 Rxc8 25. Qd2 Qc4 26. Qb4 Qc6 27. c3 a5
28. Qb3 b5 29. Qd5 Qb6 30. Nc2 Rc5 31. Qd2 b4 32. axb4 axb4 0-1

[Event "AUTO-BEG-349"]
[Site "http://www.queenalice.com/game.php?id=793888"]
[Date "2010.6.23"]
[Round "2"]
[White "bongo12"]
[Black "House_MD"]
[Result "1-0"]
[WhiteElo "1663"]
[BlackElo "1566"]

1. e4 e5 2. Nf3 Nc6 3. Bb5 Nf6 4. O-O d6 5. Re1 a6 6. Ba4 b5 7. Bb3 Na5 8. d4
Nxb3 9. axb3 Bb7 10. dxe5 dxe5 11. Qxd8+ Rxd8 12. Bg5 Be7 13. Nc3 O-O 14. Nxe5
Rfe8 15. Rad1 Rxd1 16. Rxd1 Nxe4 17. Nxe4 Bxe4 18. Bxe7 Rxe7 19. Rd8+ 1-0

[Event "AUTO-BEG-349"]
[Site "http://www.queenalice.com/game.php?id=793889"]
[Date "2010.6.23"]
[Round "2"]
[White "House_MD"]
[Black "bongo12"]
[Result "0-1"]
[WhiteElo "1456"]
[BlackElo "1825"]

1. e4 c5 2. d4 cxd4 3. Qxd4 d6 4. Nc3 Bd7 5. Nf3 Nc6 6. Qd1 Nf6 7. Bb5 Qc7 8.
Bxc6 Bxc6 9. Qe2 g6 10. Bg5 Bg7 11. Bxf6 exf6 12. O-O-O O-O 13. Rhe1 Rfe8 14.
Kb1 f5 15. Qd3 fxe4 16. Nxe4 Qb6 17. c3 Bxe4 18. Rxe4 Rxe4 19. Qxe4 Bxc3 20. b3
Qxf2 21. Qc2 Qxc2+ 22. Kxc2 Rc8 23. Kd3 Be5 24. Nxe5 dxe5 25. Ke4 Rc2 26. Kxe5
Rxa2 27. Kf6 Rf2+ 28. Ke7 Kg7 29. Rd7 b5 30. Kd6 Rd2+ 31. Ke7 Rxd7+ 32. Kxd7 a5
33. Kc6 a4 0-1

[Event "AUTO-OPEN-2046"]
[Site "http://www.queenalice.com/game.php?id=805836"]
[Date "2010.7.20"]
[Round "1"]
[White "Fregapani"]
[Black "House_MD"]
[Result "1-0"]
[WhiteElo "2192"]
[BlackElo "1554"]

1. e4 e5 2. Nf3 Nc6 3. Bb5 Nf6 4. O-O Nxe4 5. d4 exd4 6. Re1 Be7 7. Rxe4 O-O 8.
Nxd4 Nxd4 9. Qxd4 c6 10. Ba4 d5 11. Re1 Bf6 12. Qd3 Qc7 13. Nd2 Be6 14. Nf3 Rfe8
15. Nd4 b5 16. Nxe6 Rxe6 17. Rxe6 fxe6 18. Bb3 c5 19. Bxd5 exd5 20. Qxd5+ 1-0

[Event "AUTO-OPEN-2046"]
[Site "http://www.queenalice.com/game.php?id=805837"]
[Date "2010.7.20"]
[Round "1"]
[White "House_MD"]
[Black "Fregapani"]
[Result "0-1"]
[WhiteElo "1554"]
[BlackElo "2192"]

1. e4 c5 2. d4 cxd4 3. Qxd4 Nc6 4. Qd1 Nf6 5. Nc3 e5 6. Nf3 Bb4 7. Bd2 O-O 8.
Bb5 a6 9. Ba4 b5 10. Bb3 Bxc3 11. Bxc3 Nxe4 12. Bxe5 Re8 13. Qd5 Nf6 14. Qxf7+
Kh8 15. O-O Nxe5 16. Nxe5 Rxe5 17. f4 Re7 18. Rf3 Rxf7 19. Bxf7 Bb7 0-1

[Event "AUTO-OPEN-2046"]
[Site "http://www.queenalice.com/game.php?id=805860"]
[Date "2010.7.20"]
[Round "1"]
[White "Leo_cx"]
[Black "House_MD"]
[Result "1-0"]
[WhiteElo "1420"]
[BlackElo "1503"]

1. e3 e5 2. Qh5 Nc6 3. Nf3 d6 4. Bc4 g6 5. Qh4 Qxh4 6. Nxh4 Bg7 7. Nc3 Nge7 8.
O-O O-O 9. f4 exf4 10. exf4 Nf5 11. Nf3 Re8 12. Ng5 Be6 13. d3 Bxc4 14. dxc4
Bxc3 15. bxc3 Na5 16. g4 Nh6 17. h3 Nxc4 18. a3 Re2 19. Rf2 Rxf2 20. Kxf2 f6 21.
Ne6 c5 22. g5 fxg5 23. fxg5 Nf5 24. Rb1 Re8 25. Nf4 Nfe3 26. Rxb7 Nxc2 27. Rxa7
Rf8 28. Kg3 1-0

[Event "AUTO-OPEN-2046"]
[Site "http://www.queenalice.com/game.php?id=805861"]
[Date "2010.7.20"]
[Round "1"]
[White "House_MD"]
[Black "Leo_cx"]
[Result "0-1"]
[WhiteElo "1477"]
[BlackElo "1398"]

1. e4 c5 2. d4 e6 3. dxc5 Bxc5 4. Nf3 Qa5+ 5. Nc3 Bb4 6. Bd2 Nf6 7. Bd3 Na6 8.
O-O Nc5 9. a3 Bxc3 10. Bxc3 Qa4 11. Bxf6 gxf6 12. b3 Qc6 13. Re1 Rg8 14. b4 Na4
15. c4 b5 16. cxb5 Qc3 17. Rc1 Qxa3 18. Ra1 Qxb4 19. Rxa4 Qc5 20. Re3 f5 21.
exf5 d5 22. fxe6 Bxe6 23. Bxh7 Rg4 24. Ne5 Qxb5 25. Nxg4 a6 26. Bc2 d4 27. Qxd4
Rc8 28. Ra2 Rxc2 29. Nf6+ Ke7 30. Nd5+ Kd6 31. Nc3+ Qd5 0-1